A History of Interior Design in India Vol 1 Ahmedabad (Record no. 3178)
[ view plain ]
| 000 -LEADER | |
|---|---|
| fixed length control field | 00338nam a2200109Ia 4500 |
| 008 - FIXED-LENGTH DATA ELEMENTS--GENERAL INFORMATION | |
| fixed length control field | 200302s9999 xx 000 0 und d |
| 100 ## - MAIN ENTRY--PERSONAL NAME | |
| Personal name | Muktirajsinhji Chauhan & Other |
| 245 ## - TITLE STATEMENT | |
| Title | A History of Interior Design in India Vol 1 Ahmedabad |
| 260 ## - PUBLICATION, DISTRIBUTION, ETC. | |
| Name of publisher, distributor, etc. | Sid Research Cell School Interior design Publishing |
| 260 ## - PUBLICATION, DISTRIBUTION, ETC. | |
| Date of publication, distribution, etc. | 2007 |
| 300 ## - PHYSICAL DESCRIPTION | |
| Extent | 279 P., |
| Withdrawn status | Lost status | Damaged status | Not for loan | Permanent Location | Current Location | Date acquired | Cost, normal purchase price | Total Checkouts | Full call number | Barcode | Date last seen | Date last checked out | Price effective from | Koha item type |
|---|---|---|---|---|---|---|---|---|---|---|---|---|---|---|
| BMS College of Architecture, Design and Planning | BMS College of Architecture, Design and Planning | 2020-03-03 | 2400.00 | 3 | 747.09 | CL-UG62414 | 2025-01-29 | 2025-01-27 | 2020-03-03 | UG Books from CL |